000 00211 a2200097 4500
001 52520
100 _aMcGuinnes G
245 _aHouse Wife's Diet Books
260 _aLondon
_bFontana
_c
090 _c33007
_d33007
942 _aNUST-CAE
_cM
_c25567
999 _c287593
_d287593